| 000 | 00799nam a2200145Ia 4500 | ||
|---|---|---|---|
| 008 | 231221s9999 xx 000 0 und d | ||
| 041 | _aEnglish | ||
| 082 | _aCPEC15-1093 | ||
| 100 | _aKoshy George. Pavan Padmashali. | ||
| 245 | 2 | _aA Detection And Isolation Technique For A Class Of Faults Based On Input Estimation | |
| 260 | _c2015 | ||
| 500 | _aA Detection And Isolation Technique For A Class Of Faults Based On Input Estimation Koshy George and Pavan Padmashali Dept. of Telecommunication Engineering, PES Institute of Technology (now PES University), Bangalore. Proceedings of the 12th IEEE India International Conference (INDICON 2015), New Delhi, India | ||
| 650 | _aDetection,Isolation,Technique,Faults,Input,Estimation | ||
| 942 | _cIR | ||
| 999 |
_c233618 _d233618 |
||